000 003000000a22001330004500
003 MACL
040 _aMACL
090 _c33247
_d33245
100 _aCadenhead, Rogers
245 _aMicrosoft Frontpage 2002
260 _bSama Techmedia
_c2001
650 _aComputer probraming
942 _cBOOK
_k005/Cad
999 _c32898
_d32898